00321nam a2200109Ia 4500008004100000082001700041100002200058245004200080260003900122630001800161650003200179211109s9999||||xx |||||||||||||| ||und|| a294.3bDAV-B aDavis, Mrs Rhys,  0aBuddhism; a Study of the Buddish Norm bNATIONAL BOOKSTALLaKottayamc1900 xGeneral Stack aReligionvBudhismxReligion